Word Ladder: Over the Rainbow Quiz Stats

 Plays Quiz Updated Mar 18, 2018

Challenge
Share
Tweet
Embed
Score 0/34 Timer 04:00
0 Plays Today
Hint 4-Letter Answer % Correct
Children's spinning toysTOPS
92.9%
Leg endersFEET
92.1%
Experience emotion● FEEL ●
90.1%
Prepare browniesBAKE
89.1%
Arm enderHAND
89%
TrippedFELL
87.8%
A ceremony for the deceasedWAKE
86.8%
CompletedDONE
86.5%
Victoria, Superior, or Titicaca, e.g.LAKE
83.8%
Common ingredient in insect repellentsDEET
83.6%
1st part, *relate* a fantastic storyTELL
83.4%
Pink Floyd, 'Wish You [THIS RUNG][˅˅˅˅ RUNG]● WE'RE ●
82.8%
Alan Rickman in Die Hard, ____ GruberHANS
81.6%
Alternatives to hotels and motelsINNS
80.5%
A stolen one led to Pee-Wee's Big AdventureBIKE
80.1%
An item for saleWARE
80%
Fave word for a Valley Girl● LIKE ●
79.9%
Hint 4-Letter Answer % Correct
Pink Floyd, 'Wish You [˄˄˄˄ RUNG][THIS RUNG]HERE
79.9%
Actors McKellen and Ziering, e.g.IANS
79.6%
Calm and domesticatedTAME
79.5%
Tattoos● IN KS ●
78.3%
Band famous for 'Rosanna' and 'Africa'● TOTO -- ●
77.8%
Woven metallic material, often goldLAMÉ
75.8%
Ed Sullivan guest, ____ GigioTOPO
75.7%
3rd part, relate a fantastic *story*TALE
75%
2nd part, relate a *fantastic* storyTALL
73.6%
Where you might find antelope, cattle or elephantsHERD
71.9%
Like an eight found at a craps table, maybeHARD
70.6%
Gotham District Attorney Harvey ____DENT
70.5%
Show love at high concentrationDOTE
69.4%
Repetitive memorizationROTE
68.7%
A request for hesitation● DON'T ●
68.4%
Type of Fantasy Baseball leagueROTO
56.4%
Start of a Britney Spears song title● OOPS, ●
54.9%

Today's Daily Dose

Word Ladder
Homophones Ate

Quick Pick
RGB Colors

On This Day
August 18th II

You're not logged in!

Compare scores with friends on all Sporcle quizzes.
Join for Free
OR
Log In

You Might Also Like...

Show Comments

Extras

Top Quizzes Today


Score Distribution

Your Account Isn't Verified!

In order to create a playlist on Sporcle, you need to verify the email address you used during registration. Go to your Sporcle Settings to finish the process.

Report this User

Report this user for behavior that violates our Community Guidelines.

Details: